书目信息 |
| 题名: |
绿色产业政策
|
|
| 作者: | 孙晓霞 著 | |
| 分册: | ||
| 出版信息: | 北京 中国环境出版社 2016.08 |
|
| 页数: | 175页 | |
| 开本: | 23cm | |
| 丛书名: | 绿色经济与绿色发展丛书 | |
| 单 册: | ||
| 中图分类: | F269.22 , F121.3 | |
| 科图分类: | ||
| 主题词: | 绿色产业--产业发展--产业政策--研究--中国 , 经济--中国 | |
| 电子资源: | ||
| ISBN: | 978-7-5111-2850-8 | |
| 000 | 01110oam2 2200289 450 | |
| 001 | 1167 | |
| 005 | 20180927143733.68 | |
| 010 | @a978-7-5111-2850-8@dCNY38.00 | |
| 100 | @a20170215d2016 em y0chiy50 ea | |
| 101 | 0 | @achi@eeng |
| 102 | @aCN@b110000 | |
| 105 | @ay z 000yy | |
| 200 | 1 | @a绿色产业政策@9lv se chan ye zheng ce@dGreen industry policy@f孙晓霞著@zeng |
| 210 | @a北京@c中国环境出版社@d2016.08 | |
| 215 | @a175页@d23cm | |
| 225 | 2 | @a绿色经济与绿色发展丛书 |
| 300 | @a国家出版基金项目 “十二五”国家重点图书出版规划项目 | |
| 330 | @a本书从新能源汽车政策、循环经济政策、低碳经济政策和低碳农业政策等方面对绿色产业政策进行了实证研究,结合绿色产业政策的目标,提出绿色产业战略选择的总体原则、基本思路和主要目标,并对推进绿色产业政策的改革与创新提出了系统的对策措施。 | |
| 461 | 0 | @12001 @a绿色经济与绿色发展丛书 |
| 510 | 1 | @aGreen industry policy@zeng |
| 606 | 0 | @a绿色产业@x产业发展@x产业政策@x研究@y中国 |
| 606 | 0 | @a经济@x中国 |
| 690 | @aF269.22@v5 | |
| 690 | @aF121.3@v4 | |
| 701 | 0 | @a孙晓霞@9sun xiao xia@4著 |
| 801 | 0 | @aCN@b91MARC@c20170215 |
| 905 | @aMuseLib@dF121.3@e290 | |
| 绿色产业政策=Green industry policy/孙晓霞著.-北京:中国环境出版社,2016.08 |
| 175页;23cm.-(绿色经济与绿色发展丛书) |
| 国家出版基金项目 “十二五”国家重点图书出版规划项目 |
| ISBN 978-7-5111-2850-8:CNY38.00 |
| 本书从新能源汽车政策、循环经济政策、低碳经济政策和低碳农业政策等方面对绿色产业政策进行了实证研究,结合绿色产业政策的目标,提出绿色产业战略选择的总体原则、基本思路和主要目标,并对推进绿色产业政策的改革与创新提出了系统的对策措施。 |
| ● |
| 相关链接 |
|
|
|
|
正题名:绿色产业政策
索取号:F121.3/290
 
预约/预借
| 序号 | 登录号 | 条形码 | 馆藏地/架位号 | 状态 | 备注 |
| 1 | 1121494 | 211214942 | 第一样本阅览室/ [索取号:F121.3/290] | 在馆 | |
| 2 | 1121495 | 211214951 | 第一借阅区/ [索取号:F121.3/290] | 在馆 | |
| 3 | 1121496 | 211214960 | 第一借阅区/ [索取号:F121.3/290] | 在馆 | |
| 4 | 1121497 | 211214979 | 第一借阅区/ [索取号:F121.3/290] | 在馆 | |
| 5 | 1121498 | 211214988 | 密集书库-资源管理系/ [索取号:F121.3/290] | 在馆 |